000 00920nam a2200205Ii 4500
003 JO-AjNU
008 230605s9999||||xx |||||||||||||| ||und||
040 _aJO-AjNU
_bara
_erda
_cJO-AjNU
041 _aara
050 1 4 _aKMM158.6.1997
100 3 _aاعداد المكتب الفني بادارة ابراهيم ابو رحمة ,
_eauthor
_946932
245 0 0 _aالمبادئ القانونية لمحكمة العدل العليا : المنشورة في مجلة نقابة المحامين منذ بداية سنة 1993 وحتى نهاية سنة 1997، القسم الاول (أ - ج)
250 _a(د،ط)
264 3 1 _aعمان : نقابة المحامين ،1997
300 _aالقسم الاول (أ - ج)، 503ص
336 _atext
_btxt
_2rdacontent
337 _aunmediated
_bn
_2rdamedia
338 _avolume
_bnc
_2rdacarrier
650 4 _aمحكمة العدل العليا -- الاردن
_946933
999 _aA20453
_c24021
_d24021